[Event "Mephisto Cup (40/120')"]
[Site "?"]
[Date "2010.??.??"]
[Round "2"]
[White "Saitek SH7034, Magellan"]
[Black "Mephisto 68030, Genius"]
[Result "1-0"]
[WhiteElo "2229"]
[BlackElo "2278"]
[Annotator "xchessg"]
[PlyCount "111"]
[SourceDate "2009.11.09"]

1. d4 {Aktiv} Nf6 2. c4 e6 3. Nc3 Bb4 4. Bg5 h6 5. Bh4 c5 6. d5 b5 7. Qc2 {
*Turnierbuch} bxc4 {*Turnierbuch, Normal} 8. O-O-O O-O 9. e4 Bxc3 10. bxc3 Qc7
11. Bg3 Qb6 12. Nf3 exd5 13. exd5 Re8 14. Nd2 Ba6 15. Bxc4 d6 16. Qa4 Rd8 17.
Rhe1 Bc8 18. Bd3 Ba6 19. Bxa6 Qxa6 20. Qxa6 Nxa6 21. Nc4 Nc7 22. Nxd6 Ncxd5 23.
Nb7 Re8 24. Kc2 Rxe1 25. Rxe1 Rc8 26. c4 Nb4+ 27. Kb3 Nd3 28. Re7 Rc6 29. a3
Rb6+ 30. Kc3 Kf8 31. Rc7 Nxf2 32. Bxf2 Ne4+ 33. Kc2 Nxf2 34. Nxc5 Rg6 35. g3
Ng4 36. Rxa7 Nxh2 37. Nd7+ Ke8 38. Ne5 Rxg3 39. Nxf7 Rg6 40. c5 Rc6 41. Nd6+
Kf8 42. Ne4 g5 43. Kc3 Re6 44. Nd6 Ng4 45. a4 Re1 46. a5 Ne5 47. Rc7 Ra1 48.
Kd4 Nf3+ 49. Ke4 g4 50. Kf5 Ng5 51. Kf6 {[%eval 150,0]} Kg8 {[%eval -230,0]}
52. Rg7+ Kf8 53. Ra7 Rf1+ 54. Nf5 Ne4+ 55. Kg6 Rxf5 56. Ra8+ 1-0

[Event "Mephisto Cup (40/120')"]
[Site "?"]
[Date "2012.??.??"]
[Round "3"]
[White "Mephisto 68030, Genius"]
[Black "Saitek SH7034, Magellan"]
[Result "0-1"]
[WhiteElo "2278"]
[BlackElo "2229"]
[Annotator "xchessg"]
[PlyCount "66"]
[SourceDate "2009.11.09"]

{Stil Solide, Bauern 70%, Figuren 80%, Dame 90%, Remis fakt} 1. e4 e5 2. Nf3
Nc6 3. Bb5 a6 4. Ba4 Nf6 5. O-O Be7 6. Re1 b5 7. Bb3 O-O 8. a4 Bb7 9. d3 d6 10.
c3 b4 {*Turnierbuch; eval +0.0} 11. Nbd2 {[%eval 21,0] *Turnierbuch, Mensch;
eval} a5 12. Nc4 Re8 13. Bd2 Ra6 14. cxb4 axb4 15. Ne3 Ra8 {eval+0.5} 16. Qc2
Nd4 17. Nxd4 exd4 18. Nf5 c5 19. Bg5 Bf8 20. f3 {[%eval 33,0] eval} h6 {eval
+0.0} 21. Bf4 d5 22. Qf2 Ra6 23. Rec1 c4 24. dxc4 dxe4 25. c5 {[%eval -57,0]
eval} exf3 {eval -0.6} 26. Bc4 Ng4 27. Qd2 {e tempo} f2+ 28. Kh1 Rf6 29. c6
Rxc6 30. Bf1 {[%eval -242,0] eval} Qf6 {eval -2.8} 31. Ng3 Rxc1 32. Rxc1 Re1
33. Nh5 Qh4 0-1

[Event "Mephisto Cup (40/120')"]
[Site "?"]
[Date "2012.??.??"]
[Round "4"]
[White "Saitek SH7034, Magellan"]
[Black "Mephisto 68030, Genius"]
[Result "0-1"]
[WhiteElo "2229"]
[BlackElo "2278"]
[Annotator "xchessg"]
[PlyCount "118"]
[SourceDate "2009.11.09"]

1. e4 e5 {[%eval -25,0] Stil Solid, Bauern 70%, Figuren 80%, Dame 90%, Remis
fakt} 2. Nf3 Nc6 3. Bc4 Bc5 4. c3 Nf6 5. d3 d6 6. b4 Bb6 7. a4 a6 8. O-O O-O 9.
Nbd2 Bg4 {[%eval -54,0] *Turnierbuch, mensch; eval} 10. Ba3 {*Turnierbuch;
eval +0.0} Qd7 11. Bb2 Be6 12. Bxe6 Qxe6 13. Nc4 Ba7 14. b5 Ne7 15. Ng5 Qg4 16.
Qxg4 Nxg4 17. Ba3 axb5 18. axb5 Nc8 19. h3 Nf6 20. Ra2 {eval +0.0} h6 {[%eval
-66,0] eval} 21. Nf3 Bc5 22. Rfa1 Bxa3 23. Rxa3 Rxa3 24. Rxa3 Nd7 25. Kf1 {
eval +0.1} Nc5 {[%eval -51,0] eval} 26. Ke2 f6 27. Nh4 Ne7 28. b6 cxb6 29. Nxb6
g6 30. Ra7 {eval +0.8} Kf7 {[%eval -42,0] eval} 31. Ke3 f5 32. exf5 gxf5 33. g3
Nc6 34. Ra3 Ke6 35. Ng2 Na6 36. d4 exd4+ 37. cxd4 Nc7 38. Nf4+ Kf7 39. Ra4 Re8+
40. Kd3 Re4 41. f3 Re1 42. g4 Nb5 43. Ne2 Rh1 44. gxf5 {eval -0.4} Rxh3 {
[%eval 36,0] eval} 45. Kc4 Rh2 46. Kxb5 Rxe2 47. Nc8 Rb2+ 48. Kc4 b5+ 49. Kc3
bxa4 50. Kxb2 {[%eval -100,0] eval} d5 {[%eval 118,0] eval} 51. Nb6 h5 52. Nxd5
h4 53. Ne3 Nxd4 54. Ng4 h3 55. Ka3 Nxf5 56. Kxa4 {eval -1.2} Kg6 57. Kb4 {eval
-2.1} Kg5 {[%eval 412,0] eval} 58. Kc3 Kf4 59. Kd2 Kxf3 0-1

[Event "Mephisto Cup (40/120')"]
[Site "?"]
[Date "2012.??.??"]
[Round "5"]
[White "Mephisto 68030, Genius"]
[Black "Saitek SH7034, Magellan"]
[Result "0-1"]
[WhiteElo "2278"]
[BlackElo "2229"]
[Annotator "xchessg"]
[PlyCount "122"]
[SourceDate "2009.11.09"]

{Aktiv; RF} 1. Nf3 Nf6 2. g3 c5 3. Bg2 d5 4. O-O e6 {*Turnierbuch, +0.2} 5. c4
{[%eval 42,0] *Turnierbuch modern;} dxc4 6. Qc2 Be7 7. Qxc4 {a tempo} O-O 8.
Nc3 a6 9. d3 b5 10. Qh4 Bb7 11. Bf4 {a tempo} Bxf3 12. Bxf3 Nd5 13. Qh3 {a
tempo} Nxf4 14. gxf4 {a tempo} Ra7 15. f5 {[%eval 18,0]} e5 {+0.0} 16. Kh1 Nd7
17. Rg1 Bf6 18. Ne4 Rc7 19. Rac1 Kh8 20. e3 {[%eval 81,0]} Rg8 {+0.0} 21. Qh5
Rf8 22. a4 Be7 23. Qh3 bxa4 24. Qg4 Rg8 25. Qh5 {[%eval 48,0]} Qe8 {-0.3} 26.
f6 {[%eval 78,0]} Nxf6 27. Qxe5 {a tempo} Rc6 28. Ng3 Rb6 29. Nf5 Bf8 30. Qxe8
Nxe8 {-0.4} 31. Rc2 {[%eval -30,0]} Nd6 {a tempo} 32. Nxd6 Bxd6 {a tempo} 33.
Rg4 Rb4 34. Rxb4 {a tempo} cxb4 35. Rc6 {[%eval -42,0]} Rd8 36. Rxa6 a3 37.
bxa3 bxa3 38. Bd5 {a tempo} f6 39. Kg2 g5 40. d4 {[%eval -21,0]} Bxh2 {-0.3}
41. Rxa3 Rxd5 42. Kxh2 Kg7 43. Rd3 Kg6 44. e4 Rd8 45. d5 $6 (45. f3) 45... h5
46. Kg3 f5 47. e5 f4+ {a tempo} 48. Kh2 (48. Kg2) 48... g4 49. Rd4 (49. Rd1)
49... Kf5 50. e6 {[%eval 18,0]} Re8 {a tempo; +0.0} 51. Rd2 h4 52. Re2 f3 53.
Re1 Kf4 {a tempo} 54. Kg1 (54. Rg1) 54... g3 55. Rd1 $2 {[%eval 0,0] a tempo;}
(55. Ra1 Ke5 56. Ra3 Ke4 57. Re3+ Kxd5 58. fxg3 hxg3 59. Rxf3 Rxe6 60. Kg2 $11)
55... h3 $1 $19 {+0.0} 56. fxg3+ {a tempo} Kxg3 57. Kh1 {[%eval -54,0]} f2 {a
tempo; -1.2} 58. Rd3+ Kf4 59. Rd1 Rg8 60. e7 {[%eval -57,0]} h2 {-4.1} 61. Ra1
{[%eval -469,0]} (61. Kxh2 Kf3 62. Rd3+ Ke2 $19) 61... Rg1+ 0-1

[Event "Mephisto Cup (40/120')"]
[Site "?"]
[Date "2012.??.??"]
[Round "6"]
[White "Saitek SH7034, Magellan"]
[Black "Mephisto 68030, Genius"]
[Result "0-1"]
[WhiteElo "2229"]
[BlackElo "2278"]
[Annotator "xchessg"]
[PlyCount "88"]
[SourceDate "2009.11.09"]

1. e4 Nf6 {[%emt 0:00:08] Riskant; RF 0.25, D+T+B 110%, S+L 100%, Sel} 2. e5
Nd5 3. d4 d6 4. c4 Nb6 5. exd6 cxd6 6. Be3 Bf5 7. Nc3 e6 8. Nf3 {+0.1} Be7 9.
Rc1 N8d7 {[%eval 24,0] *Turnierbuch modern ;} 10. Be2 O-O 11. O-O Rc8 {a tempo}
12. b3 Nf6 13. Nh4 Be4 {a tempo} 14. Nxe4 Nxe4 15. Nf3 d5 16. Bd3 Ba3 17. Rc2
Nd7 18. Bxe4 {a tempo} dxe4 19. Ng5 Nf6 20. Bf4 {+0.3} h6 21. Nh3 {a tempo} Qb6
{[%eval 33,0]} 22. Be5 Nd7 23. Bg3 Rfd8 24. Bh4 g5 25. Nxg5 {+0.5} hxg5 {
[%eval 93,0]} 26. Bxg5 Re8 27. Bc1 {+0.0} Bxc1 28. Qxc1 Nf8 29. Qe3 Red8 30.
Rd2 {+0.1} f5 {[%eval 57,0]} 31. Qg5+ Kh7 32. Qe7+ Kg6 33. Rfd1 Rd7 34. Qa3 a6
{a tempo} 35. Kh1 Nh7 36. h3 Nf6 37. Qb2 Qd6 38. Kg1 Rg7 {a tempo} 39. a3 Kf7
40. Kh1 {-1.4} Rh8 41. d5 exd5 42. Rxd5 Nxd5 43. Rxd5 {-2.4} Qf6 44. Qd4 Qxd4 {
[%eval 393,0]} 0-1

[Event "Mephisto Cup (40/120')"]
[Site "?"]
[Date "2012.??.??"]
[Round "7"]
[White "Mephisto 68030, Genius"]
[Black "Saitek SH7034, Magellan"]
[Result "1-0"]
[WhiteElo "2278"]
[BlackElo "2229"]
[Annotator "xchessg"]
[PlyCount "79"]
[SourceDate "2009.11.09"]

{Riskant; RF 0.25; D+T+B 110%, S+L 100%, sel} 1. Nf3 Nf6 2. c4 e6 3. g3 c5 4.
Nc3 d5 {*Grossbuch; +0.0} 5. cxd5 exd5 6. d4 cxd4 {-0.2} 7. Nxd4 {[%eval 48,0]
*Turnierbuch; modern;} Qb6 8. Bg2 Nc6 9. e3 Bb4 10. O-O {[%eval 60,0]} O-O {+0.
4} 11. Nxd5 Nxd5 12. Bxd5 {a tempo} Nxd4 13. exd4 Bh3 14. Bg2 {a tempo} Bxg2
15. Kxg2 Rfd8 {+0.6} 16. Be3 Rac8 17. Qb3 Qc6+ {a tempo} 18. Kg1 Bd6 19. Rac1
Qf3 20. Rxc8 Rxc8 {a tempo} 21. d5 b6 22. Qa4 {a tempo} Qxd5 {+1.2} 23. Rd1 Qc6
24. Qxa7 b5 25. Qd4 Be7 {a tempo} 26. Rc1 Qb7 27. Rxc8+ Qxc8 28. Qd5 Qe8 29.
Bd4 Qd8 {a tempo} 30. Qxd8+ Bxd8 31. b3 g5 32. Bc3 f5 33. a4 bxa4 34. bxa4 {a
tempo} Kf7 35. a5 {[%eval 272,0]} Ke7 {+1.9} 36. a6 Bb6 37. Bd2 Kd6 38. Be3 {
[%eval 339,0]} Bxe3 {+2.7} 39. fxe3 {[%eval 672,0]} Kc6 {+4.9} 40. g4 {a tempo}
1-0

[Event "Mephisto Cup (40/120')"]
[Site "?"]
[Date "2012.??.??"]
[Round "8"]
[White "Saitek SH7034, Magellan"]
[Black "Mephisto 68030, Genius"]
[Result "1/2-1/2"]
[WhiteElo "2229"]
[BlackElo "2278"]
[Annotator "xchessg"]
[PlyCount "98"]
[SourceDate "2009.11.09"]

1. e4 d6 {[%emt 0:00:08] Riskant; D+T+B 110%, S+L 100%, RF 0.25, Sel} 2. d4 Nf6
3. Nc3 c6 4. Nf3 {*Fullbook, +0.4} Bg4 {[%eval 0,0] Turnierbuch modern;} 5. Bg5
{a tempo} Qb6 6. Qd2 Bxf3 7. gxf3 Nbd7 8. O-O-O {a tempo} e6 9. Rg1 Be7 {a
tempo} 10. Be3 {+1.1} O-O {[%eval -3,0]} 11. e5 Ne8 12. d5 {a tempo} Qc7 13.
exd6 Bxd6 14. dxe6 fxe6 15. Bh3 {+0.3} Ne5 {[%eval -6,0]} 16. Bxe6+ Kh8 17. Bg4
{a tempo} Nxf3 18. Bxf3 {a tempo} Rxf3 19. h4 Qf7 20. Kb1 {+0.0} Be7 {[%eval
51,0]} 21. Qd4 Bf6 22. Qg4 Bxc3 23. Rd7 {a tempo} Qf5 24. bxc3 Qxg4 25. Rxg4 {
a tempo; +0.3} Nf6 {[%eval 63,0]} 26. Rgxg7 Nxd7 27. Rxd7 {a tempo} Kg8 28.
Rxb7 Rh3 {a tempo} 29. Bg5 Rf8 30. Rxa7 {-0.2} Rxf2 {[%eval 54,0]} 31. Kb2 Rhh2
32. a4 Rxc2+ 33. Kb3 Rb2+ 34. Kc4 h6 35. Be7 {a tempo; +0.0} Rhg2 {[%eval 93,0]
} 36. Kc5 Rbc2 37. Kxc6 Rxc3+ 38. Kd5 Rd2+ 39. Ke4 Rc4+ 40. Ke5 Ra2 {[%eval
130,0]} 41. a5 {-0.4} Rca4 {a tempo} 42. Bd8 h5 43. Kf5 Rd2 44. Bf6 Rd5+ 45.
Kg6 {+0.0} Rdxa5 46. Rg7+ {a tempo} Kf8 47. Rd7 Rg4+ 48. Bg5 Ra6+ 49. Kxh5 Re4
{[%eval 60,0]} 1/2-1/2

[Event "Mephisto Cup (40/120')"]
[Site "?"]
[Date "2012.??.??"]
[Round "9"]
[White "Mephisto 68030, Genius"]
[Black "Saitek SH7034, Magellan"]
[Result "1-0"]
[WhiteElo "2278"]
[BlackElo "2229"]
[Annotator "xchessg"]
[PlyCount "86"]
[SourceDate "2009.11.09"]

{Riskant, RF 0.25; D+T+B 110%, L+S 100%, Sel} 1. Nf3 c6 2. e4 d5 3. Nc3 Nf6 4.
e5 Ne4 5. d3 {[%eval 21,0] *Turnierbuch modern,} Nxc3 {*Fullbook; +0.0} 6. bxc3
{a tempo} g6 7. Be2 Bg7 8. O-O {a tempo} Nd7 9. Bf4 f6 10. exf6 {[%eval 48,0]}
Nxf6 {-0.2} 11. Qd2 O-O 12. Be5 e6 13. Qg5 b6 14. Rab1 c5 15. Qh4 {[%eval 57,0]
} Qd7 {-0.1} 16. Rfe1 Bb7 {a tempo} 17. a3 Rae8 18. Ng5 h6 19. Nh3 g5 20. Qg3 {
[%eval 27,0]} Rc8 {+0.0} 21. f4 {[%eval 118,0]} gxf4 22. Nxf4 Kh7 23. Rf1 Qe8
24. d4 c4 25. Nh5 {[%eval 178,0]} Nxh5 26. Bxh5 Bxe5 {+1.5} 27. Qxe5 Qd7 28.
Bg4 Qg7 {a tempo} 29. Bxe6 Qxe5 {a tempo} 30. dxe5 {[%eval 118,0] a tempo;}
Rxf1+ 31. Rxf1 Re8 32. Rf6 Kg7 33. Kf2 {a tempo} Rf8 34. Rxf8 Kxf8 35. Bf5 {
[%eval 139,0] a tempo;} Ke7 36. Ke3 Ba8 37. g4 a6 38. h4 Bc6 {a tempo} 39. Kf4
Be8 40. e6 {[%eval 284,0]} b5 {+1.1} 41. g5 hxg5+ {+3.0} 42. Kxg5 a5 43. h5
Bxh5 {+2.7} 1-0

[Event "Mephisto Cup (40/120')"]
[Site "?"]
[Date "2012.??.??"]
[Round "10"]
[White "Saitek SH7034, Magellan"]
[Black "Mephisto 68030, Genius"]
[Result "0-1"]
[WhiteElo "2229"]
[BlackElo "2278"]
[Annotator "xchessg"]
[PlyCount "95"]
[SourceDate "2009.11.09"]

1. e4 d6 {[%emt 0:00:08] Riskant, RF 0.25; D+T+B 110%; S+L 100%, Sel} 2. Nf3 g6
3. d4 {*Fullbook; +0.1} Bg7 4. Bc4 c6 {[%eval -18,0] *Turnierbuch; modern;} 5.
Nc3 Nf6 6. Bg5 {a tempo} O-O 7. O-O {a tempo} Nxe4 {[%eval 18,0]} 8. Nxe4 {+0.1
} d5 {a tempo} 9. Bd3 dxe4 10. Bxe4 Nd7 11. c3 {a tempo} Nf6 12. Bxf6 Bxf6 13.
Re1 Qc7 14. Qe2 Be6 15. Bc2 {-0.1} c5 {[%eval 54,0]} 16. dxc5 Qxc5 17. Nd2 Qb6
18. Ne4 Qxb2 19. Reb1 {-0.7} Qa3 20. Bb3 Bf5 21. Nxf6+ {a tempo} exf6 22. Re1
Rad8 23. Qe7 Qxe7 24. Rxe7 {a tempo} Rd7 25. Rae1 a5 {a tempo} 26. h3 b5 27.
Rxd7 Bxd7 {a tempo} 28. Re7 Bf5 {a tempo} 29. Kf1 a4 30. Bd5 {-0.9} Rc8 31. g4
{a tempo} Bd3+ 32. Ke1 {a tempo} Rxc3 33. Kd2 Rc5 34. Bxf7+ Kf8 35. Rd7 Bb1 36.
Be6 Rc6 37. Bd5 Rc2+ {a tempo} 38. Kd1 Rxf2 {a tempo} 39. Rxh7 Bxa2 40. Rf7+ {
-0.7} Ke8 {[%eval 196,0] a tempo;} 41. Bxa2 Rxa2 {a tempo} 42. Rxf6 a3 {a tempo
} 43. Rxg6 Rh2 44. Re6+ {a tempo} Kf7 45. Ra6 {-3.1} Rxh3 {[%eval 260,0] a
tempo;} 46. Ra7+ Kf6 47. Kd2 {-2.7} b4 48. Ra6+ {a tempo; -3.3} 0-1

[Event "Mephisto Cup (40/120')"]
[Site "?"]
[Date "2011.??.??"]
[Round "1"]
[White "Saitek SH7034, Magellan"]
[Black "Saitek Sparc, Renaissance"]
[Result "1-0"]
[WhiteElo "2229"]
[BlackElo "2246"]
[Annotator "xchessg"]
[PlyCount "67"]
[SourceDate "2009.11.09"]

1. e4 c5 2. Nf3 d6 3. d4 cxd4 4. Qxd4 Nc6 5. Bb5 Qd7 6. Qa4 a6 7. O-O e6 8. Rd1
$1 {*Turnierbuch, +0.3} Rb8 {[%eval 88,0] *Turnierbuch;} 9. Bxc6 $1 {a tempo}
Qxc6 10. Qd4 $1 b5 {a Tempo} 11. Bf4 Bd7 12. Bxd6 Qxd6 13. Qxd6 Bxd6 14. Rxd6
Rc8 15. Ne5 {+1.2 A Tempo} Nf6 {[%eval 168,0]} 16. Rxa6 Nxe4 17. Ra7 {a Tempo}
Rd8 18. Na3 b4 {a Tempo} 19. Nac4 f6 20. Re1 {+2.4} fxe5 {[%eval 224,0]} 21.
Rxe4 O-O 22. Nxe5 Bc6 23. Re1 Bb5 24. f3 Rd2 25. Rb7 {a Tempo; +2.4} Rd5 {
[%eval 248,0]} 26. a3 bxa3 27. bxa3 {a Tempo} Ba6 28. Ra7 Rd6 29. c4 Rc8 30.
Rc1 {a tempo; +2.4} Rc5 31. Rb1 {a Tempo} Bc8 {[%eval 322,0]} 32. Rb5 Rd1+ 33.
Kf2 {a Tempo} Rxb5 {[%eval 368,0]} 34. cxb5 {+3.6} 1-0

[Event "Mephisto Cup (40/120')"]
[Site "?"]
[Date "2011.??.??"]
[Round "2"]
[White "Saitek Sparc, Renaissance"]
[Black "Saitek SH7034, Magellan"]
[Result "1/2-1/2"]
[WhiteElo "2246"]
[BlackElo "2229"]
[Annotator "xchessg"]
[PlyCount "117"]
[SourceDate "2009.11.09"]

1. d4 d5 2. c4 c6 3. Nc3 Nf6 4. e3 g6 5. Nf3 Bg7 6. Bd3 O-O 7. O-O c5 8. dxc5
dxc4 9. Bxc4 Nbd7 10. Qd4 {[%eval 80,0] *Turnierbuch;} Qc7 {+0.3} 11. Nb5 Qxc5
12. Bd2 Qxd4 13. Nbxd4 e5 14. Nb5 e4 {a Tempo} 15. Nfd4 {[%eval 36,0]} Ne5 {+0.
2} 16. Rac1 Rd8 17. Nc7 {a Tempo} Rb8 18. Be2 {a Tempo} Bg4 19. f3 exf3 20.
gxf3 {[%eval -48,0] a tempo;} Ne4 {+0.0} 21. Ba5 Bh6 22. f4 {a Tempo} Bxe2 23.
Nxe2 Ng4 24. Rf3 Rd3 25. Nc3 {[%eval -161,0] a Tempo;} f5 {-0.7} 26. Bb4 {a
Tempo} Bg7 27. Ne6 Bxc3 {a Tempo} 28. Bxc3 Rc8 29. h3 Nxe3 30. Re1 {[%eval
-204,0]} Nxc3 31. Rfxe3 {a Tempo} Rxe3 32. Rxe3 {a Tempo} Nxa2 33. Ra3 Rc1+ 34.
Kf2 Rc2+ 35. Ke3 {[%eval -216,0]} Nc1 {-2.2} 36. Nd4 Rxb2 37. Rxa7 h6 38. Ra8+
Kg7 39. Rc8 Na2 40. Rc7+ {[%eval -178,0]} Kf6 {-1.9} 41. h4 {Totalzeit 1.13'}
Nb4 {Totalzeit: 2.01'} 42. Rd7 Nc2+ {a Tempo} 43. Nxc2 Rxc2 44. Rd6+ Kg7 45.
Rd7+ {[%eval -131,0]} Kf8 46. Rxb7 Rh2 47. Rb6 Kf7 48. Rb7+ Ke6 49. Rb6+ Kd5
50. Rxg6 {[%eval -54,0]} Rh3+ {-1.2} 51. Kf2 Rxh4 52. Kg3 Rh1 53. Ra6 {a Tempo}
Ke4 54. Re6+ Kd3 {a Tempo} 55. Re5 {[%eval -48,0]} Rh5 {+0.4} 56. Rd5+ Ke4 57.
Rd1 Ke3 58. Rd5 Ke2 {+0.0} 59. Kg2 {[%eval -1,0]} 1/2-1/2

[Event "Mephisto Cup (40/120')"]
[Site "?"]
[Date "2011.??.??"]
[Round "3"]
[White "Saitek SH7034, Magellan"]
[Black "Saitek Sparc, Renaissance"]
[Result "1-0"]
[WhiteElo "2229"]
[BlackElo "2246"]
[Annotator "xchessg"]
[PlyCount "80"]
[SourceDate "2009.11.09"]

1. d4 d5 2. Nf3 Nf6 3. c4 e6 4. Nc3 c6 5. e3 Nbd7 6. Bd3 Bb4 7. a3 Ba5 8. O-O
O-O 9. Qc2 Bc7 10. e4 {*Turnierbuch; +0.1} dxc4 11. Bxc4 {-0.2} e5 12. Rd1 {+0.
0} Qe7 {[%eval 59,0] *Turnierbuch;} 13. Be3 Ng4 14. Bg5 Ndf6 {a Tempo} 15. d5 {
+0.7} Qc5 {[%eval 105,0]} 16. Bd3 cxd5 17. exd5 {a Tempo} Bb6 18. Bh4 Re8 19.
b4 Qd6 20. h3 {+1.7} Nh6 {[%eval 181,0]} 21. Nb5 Qd7 22. Bxf6 gxf6 23. Nc3 Kg7
24. Bb5 Qf5 {a Tempo} 25. Qxf5 Bxf5 {[%eval 267,0]} 26. Bxe8 Rxe8 {a Tempo} 27.
Rac1 e4 {a Tempo} 28. Nd4 Bd7 29. Nb3 e3 30. Nc5 {a Tempo; +2.0} exf2+ {[%eval
241,0]} 31. Kxf2 Nf5 32. Re1 Re5 33. g4 Nd6 {a Tempo} 34. Kf3 Bxc5 35. bxc5 Nc4
36. Kf4 h5 37. Re4 Nxa3 {a Tempo} 38. Ra1 Nb5 39. Nxb5 Bxb5 40. Rxe5 {[%eval
207,0] Totalzeit 1.59'} fxe5+ {3.15; Totalzeit 1.02'} 1-0

[Event "Mephisto Cup (40/120')"]
[Site "?"]
[Date "2011.??.??"]
[Round "4"]
[White "Saitek Sparc, Renaissance"]
[Black "Saitek SH7034, Magellan"]
[Result "1-0"]
[WhiteElo "2246"]
[BlackElo "2229"]
[Annotator "xchessg"]
[PlyCount "49"]
[SourceDate "2009.11.09"]

{Stufe f5} 1. e4 e5 2. Nf3 Nf6 3. d4 exd4 4. e5 Ne4 5. Qxd4 d5 6. exd6 Nxd6 7.
Nc3 Nc6 8. Qf4 g6 9. Bb5 Bg7 {*Turnierbuch; +0.1} 10. Bxc6+ bxc6 11. O-O O-O
12. Be3 Bf5 {+0.0} 13. Nd4 {[%eval -3,0] *Turnierbuch;} Qb8 $2 {a Tempo} (13...
Bd7) 14. Nxc6 Qxb2 15. Nd5 $1 {[%eval 56,0]} Qxc2 {+0.2} 16. Rac1 $18 {[%emt 0:
00:10] Junior} Qxa2 17. Nxc7 Rad8 18. Nxd8 Rxd8 19. Rfd1 Nb7 20. Rxd8+ {[%eval
233,0] a Tempo;} Nxd8 {+1.0} 21. Qd6 Nb7 {+3.6} 22. Qc6 {[%eval 461,0]} a5 {+3.
5} 23. Qe8+ Bf8 24. Bh6 Qa3 25. Nd5 1-0

[Event "Mephisto Cup (40/120')"]
[Site "?"]
[Date "2011.??.??"]
[Round "5"]
[White "Saitek SH7034, Magellan"]
[Black "Saitek Sparc, Renaissance"]
[Result "1/2-1/2"]
[WhiteElo "2229"]
[BlackElo "2246"]
[Annotator "xchessg"]
[PlyCount "142"]
[SourceDate "2009.11.09"]

1. e4 e5 {Stufe f5} 2. Nf3 Nc6 3. Bc4 Bc5 4. c3 Nf6 5. d4 exd4 6. cxd4 Bb4+ 7.
Bd2 Bxd2+ 8. Nbxd2 d5 9. exd5 Nxd5 10. Qb3 Nce7 11. O-O O-O 12. Ne5 c6 13. Ne4
Nf5 14. Rad1 {*Turnierbuch; -0.2} Qc7 15. Rfe1 {+0.0} (15. Bxd5 cxd5 16. Qxd5
Be6 17. Qc5 Qxc5 18. dxc5 f6 19. Nf3 $16 {[%emt 0:00:10] Junior}) 15... Qb6 {
[%eval 25,0] *Turnierbuch;} 16. Nf3 Qxb3 17. Bxb3 Rd8 18. Nc3 {a Tempo} Be6 19.
Ng5 Nxc3 20. bxc3 {+0.1} Bxb3 {[%eval 28,0]} 21. axb3 Re8 22. Ra1 Nd6 23. Kf1
Nb5 24. Ne4 f5 25. Ng3 {+0.1} Nxc3 {[%eval 0,0]} 26. Rxe8+ Rxe8 27. Rxa7 g6 28.
Rxb7 f4 29. Nh1 Ne2 30. f3 {+0.0} Nxd4 {[%eval -1,0]} 31. Nf2 Ra8 32. Ne4 Ra1+
33. Kf2 Ra2+ 34. Kf1 Kf8 35. h4 {-0.9} Nf5 {[%eval -11,0]} 36. Rxh7 Ne3+ {a
Tempo} 37. Ke1 Nxg2+ 38. Kd1 Ne3+ 39. Kc1 Nf5 40. Nf6 {+0.0} Re2 {[%eval -9,0]}
41. Kd1 Re6 42. Ne4 {a Tempo} Re7 43. Rxe7 Kxe7 44. Nd2 Nxh4 45. Kc2 {-0.7} Ke6
{[%eval -104,0]} 46. Kd3 Kd5 {a Tempo} 47. Kc3 c5 48. Kd3 Nf5 {aTempo} 49. Nc4
Nd4 50. Nb6+ {[%eval -104,0]} Ke6 {[%eval -163,0]} 51. Na4 Nxf3 52. Ke4 Nd2+
53. Kxf4 Nxb3 54. Kg5 c4 55. Kxg6 {-1.1} Ke5 {[%eval -158,0]} 56. Nc3 Nd2 {a
Tempo} 57. Kh5 Kd4 58. Nb5+ Kc5 59. Nc3 Nf3 60. Kg4 Kd4 {[%eval -143,0] a
Tempo;} 61. Nb5+ Ke3 62. Nc3 Nd2 63. Kf5 Kd3 64. Nd5 Kd4 65. Nc7 {-1.4} Nb1 {
[%eval -138,0]} 66. Ne6+ Ke3 67. Nf4 Nc3 68. Ke5 Na4 69. Nd5+ Kd3 70. Nf4+ Kc3
71. Nd5+ {-0.2} Kb3 {[%eval 0,0]} 1/2-1/2

[Event "Mephisto Cup (40/120')"]
[Site "?"]
[Date "2012.??.??"]
[Round "6"]
[White "Saitek Sparc, Renaissance"]
[Black "Saitek SH7034, Magellan"]
[Result "1-0"]
[WhiteElo "2246"]
[BlackElo "2229"]
[Annotator "xchessg"]
[PlyCount "82"]
[SourceDate "2009.11.09"]

{Stufe f5} 1. c4 c5 2. Nf3 Nf6 3. Nc3 Nc6 4. d4 cxd4 5. Nxd4 e6 6. a3 Nxd4 {
*Turnierbuch; -0.2} 7. Qxd4 d6 8. e4 {[%eval 16,0] *Turnierbuch;} Be7 9. Be2
O-O 10. O-O {[%eval 42,0]} Nd7 {a Tempo; -0.1} 11. Be3 Nc5 12. Rad1 {a Tempo}
Bf6 13. Qxd6 Qxd6 14. Rxd6 b6 15. f3 {[%eval 136,0]} Be5 {+0.8} 16. Rd2 f5 17.
exf5 exf5 18. Nd5 {a Tempo} Nb3 19. Ne7+ {a Tempo} Kf7 20. Rd5 {[%eval 152,0]}
Bxh2+ {+0.9} 21. Kxh2 {a Tempo} Kxe7 22. Bd1 Na5 23. Rxa5 bxa5 24. Bc5+ Kf7 25.
Bxf8 {[%eval 73,0]} Kxf8 {+0.8} 26. Ba4 Be6 27. b3 {a Tempo} Ke7 28. Re1 Rc8 {
a Tempo} 29. Re5 Rc7 30. Rxa5 {[%eval 156,0]} h6 {a Tempo; +1.0} 31. g3 g5 32.
Ra6 h5 33. f4 {a Tempo} gxf4 34. gxf4 Rb7 35. c5 Bd5 {+2.0} 36. b4 Bf3 37. Bc6
Bxc6 38. Rxc6 {a Tempo} a5 39. Rh6 {a Tempo} Rd7 40. Rh7+ {[%eval 261,0]} Kd8 {
+2.8} 41. Rxd7+ Kxd7 1-0

[Event "Mephisto Cup (40/120')"]
[Site "?"]
[Date "2012.??.??"]
[Round "7"]
[White "Saitek SH7034, Magellan"]
[Black "Saitek Sparc, Renaissance"]
[Result "1-0"]
[WhiteElo "2229"]
[BlackElo "2246"]
[Annotator "xchessg"]
[PlyCount "114"]
[SourceDate "2009.11.09"]

1. e4 e5 {Stufe f5} 2. Nf3 Nc6 3. Bb5 Nd4 4. Nxd4 exd4 5. O-O Bc5 6. d3 c6 7.
Bc4 {*Turnierbuch; +0.9} d6 8. Qh5 Qe7 9. Qg5 Qxg5 {[%eval 43,0] ..
*Turnierbuch;} 10. Bxg5 Be6 11. Nd2 Nf6 12. Bxe6 fxe6 13. c3 O-O 14. Bxf6 {a
Tempo} Rxf6 15. e5 {+0.4} Rff8 {[%eval 2,0]} 16. Ne4 Rad8 17. Rae1 dxc3 18.
bxc3 Ba3 19. Rb1 dxe5 20. Rb3 {+0.5} Be7 {[%eval 58,0]} 21. Rxb7 Rf7 22. Rxa7
Rxd3 {a Tempo} 23. Ra6 Rf4 24. f3 Kf7 {a tempo} 25. Rxc6 Rd7 {[%eval 114,0] a
Tempo;} 26. a4 Ra7 {a Tempo} 27. Ra1 g5 28. h3 h5 {a Tempo} 29. a5 g4 30. hxg4
{+1.8} hxg4 {[%eval 109,0]} 31. Kf2 gxf3 32. gxf3 {a Tempo} Rh4 33. a6 {a Tempo
} Ra8 34. a7 {+2.4} Rhh8 35. Ke3 Rhg8 36. Rca6 Rgd8 37. c4 Rd7 38. c5 Rc7 39.
R1a5 Rb7 {a Tempo} 40. Nd6+ {+2.3} Bxd6 {[%eval 186,0]} 41. cxd6 Rb3+ 42. Ke4
Kf6 43. Ra3 {a tempo} Rb7 44. Rd3 Rd7 45. Rd1 {+2.7} Rdd8 {[%eval 274,0]} 46.
d7 {a tempo} Ke7 47. Kxe5 Rxd7 48. Rxe6+ {a tempo} Kd8 49. Rxd7+ Kxd7 50. Ra6 {
+3.0} Kc7 {[%eval 271,0]} 51. f4 Kb7 52. Ra2 Re8+ 53. Kd6 Ka8 {[%eval 268,0]}
54. f5 Rf8 {a Tempo} 55. Ra5 Rf7 56. Ke6 Rc7 57. f6 Rc6+ {[%eval 906,0]} 1-0